000 00379nam a2200145Ia 4500
008 240729s9999 xx 000 0 und d
022 _a2152-7202
245 0 _aJournal of Participatory Medicine
260 _aCanada
260 _bJMIR Publications
650 _aMedicine
856 _uhttps://doaj.org/toc/e40feaff913143a2949b98fae4c6b7dc
942 _2ddc
942 _cDOAJEJ
999 _c67326
_d67326
945 _a1
_bMadushi Gamage
_c1
_dMadushi Gamage